| 000 | 00647nam a2200181 a 4500 | ||
|---|---|---|---|
| 001 | 5414 | ||
| 003 | CDMR | ||
| 005 | 20131113154339.0 | ||
| 008 | 130130s2004||||||||||||||||||||||||||||d | ||
| 040 |
_aCDMR _bcat _cCDMR |
||
| 245 | 0 |
_aPeriodistas en Cádiz _b: informe sociológico sobre la profesión periodística en la provincia de Cádiz _cdirector del estudio: José Manuel Vera Borja |
|
| 260 |
_aCádiz _c2004 _bAsociación de la Prensa de Cádiz |
||
| 300 |
_a142 p. _bgràf. |
||
| 650 | 0 | 4 |
_94349 _aPeriodistes _zAndalusia |
| 650 | 0 | 4 |
_93782 _aPeriodistes _xPràctica professional |
| 700 | 1 |
_92269 _aVera Borja, José Manuel _edir. |
|
| 942 |
_cMON _2udc |
||
| 999 |
_c5414 _d5414 |
||